000 00336nam a2200133 i 4500
001 bg
100 1 _aNOWACKI, W.
245 0 _aEfekty elektromagnetyczne w stałych ciałach odkształconych /
_cW. Nowacki.
260 _aWarszawa,
_c1983.
040 _cBPK
041 _apol
942 _cKS
008 s pl f |000 0 pol
999 _c21805
_d21805
856 _uhttp://koha.tu.koszalin.pl/cgi-bin/koha/opac-detail.pl?biblionumber=21805
_yKatalog online BPK